000 00461nam a2200193Ia 4500
005 20250923145301.0
008 008 250917s9999 xx 000 0 eng d
037 _aTextual
040 _aDSWL
_beng
_cDSWL
041 _aeng
_2eng
084 _qDSWL
245 0 _aInternation SocialWork
260 _aBombay
_b75-Dadabhai Naoraji Road
_c1973
365 _aINR
_b37
490 _vVol.16
925 _g37
942 _cTEXL
999 _c1449446
_d1449446